000 01165cam a2200277 4500
008 031121n2003 000 0 eng u
020 _a0860226190
035 _a(Sirsi) u124407
041 _aeng
050 _a692.5
_c18
100 _aLangmaid, John
245 _aEstimating
_bgetting value from function
260 _aBracknell
_bBSRIA
_c2003
300 _a60p.
_c30cm
350 _a50
490 _aBSRIA Building Guide
520 _aExplains how the process of estimating costs within a construction project requires accurate and unambiguous input information if it is to provide a better perception of value to the project client and to the specialist supplier. The construction industry, from professionals down to site operatives, need to realise that clients have different values to those of the construction industry in order to deliver value for money to the client.
650 _aVALUE FOR MONEY
650 _aESTIMATING
650 _aVALUE ENGINEERING
650 _aCONSTRUCTION INDUSTRY
650 _aCONSTRUCTION CLIENTS
650 _aMANAGEMENT-PROJECT MANAGEMENT
690 _aBUILDING AND CONSTRUCTION-PROJECTS
942 _n0
999 _c103221
_d103221